000 00787nam a2200229Ia 4500
003 IN-BaIIA
008 211028s9999 xx 000 0 eng d
020 _a1-4020-4347-3
040 _cIIA Library
080 _a52(082.1)
_bASS-337
245 0 _aAstrophysical disks
_bcollective and stochastic phenomena
_cedited by A. M. Fridman, M. Ya Marov and I. G. Kovalenko
260 _aDordrecht
_bSpringer
_c2006
300 _axvi, 351p.
490 _aAstrophysics and space science library; v. 337
650 _aAccretion disk
_923422
650 _aDisk galaxies
650 _aGalactic vortices
_930744
700 _aFridman, A. M., ed.
_930745
700 _aKovalenko, I. G., ed.
_930746
700 _aMarov, M. Ya, ed.
_930747
942 _cBK
999 _c16550
_d16550